000 02406nam a2200277 a 4500
001 000012724
005 20240305140451.0
008 091116s2001 dr gr 001 0 spa d
020 _a9993483508
040 _aDO-SdBNP
_bspa
_cBNPHU
082 _a365.97293
_bR175p
100 1 _aRamos Jeréz, Leoncio,
_d1894-1971
_917088
245 1 0 _aYo pasé un día en Sing-Sing y otros escritos /
_cLeoncio Ramos ; editor Wilfredo Mora.
260 _aSanto Domingo :
_bBúho,
_c2001.
300 _a157 p. ;
_c22 cm.
490 1 _aPensamiento criminológico dominicano
_v1
_aCuadernos de la cárcel
500 _aIncluye semblanza del autor.
505 0 _gSemblanza de Leoncio Ramos /
_rWellington Ramos Messina --
_tYo pasé un día en Sing-Sing:
_tEstampas del pasado --
_t"Siño Pepe jata luego" --
_t"Universidad no"; "Agencia de exámenes" --
_tEl uso del cepo es un delito --
_tDe bárbaros a civilizados en un día --
_tQuien siembre dolor e injusticia eso cosechará --
_tUn apóstol y un monumento --
_tSilencio a fuerza de látigo --
_tTuberculosis, locura y suicidio fue la cosecha --
_tHechos humanos humanamente tratados --
_t¡Delincuentes por apasionados! --
_t¿Esclavos de la carne o de la sociedad? --
_t¡Los muertos mandan! --
_tSomos tres en uno --
_tPor algo los marcó la naturaleza --
_tCambio de legislación pero no de concepto --
_tNiños con sus madres en la cárcel --
_tSiempre tras el futuro prohibido --
_tLos idealistas y los hombres de acción --
_t¿Un mal necesario la prostitución? --
_t¿Prostitutas o víctimas? --
_tJusticia al estilo de Salomón --
_t¿Un poder del Estado el Judicial? --
_tConcepto de la justicia y de su dignidad --
_tLa política en la justicia --
_gOtros escritos:
_tPrograma de estudio para la preparación del personal de prisiones:
_tFormación de funcionarios de dirección --
_tCurso inicial para guardias de custodios y otros trabajadores de servicios generales --
_tExposición de motivos acerca del programa de estudios.
650 4 _aPrisiones
_xRepública dominicana
_xEnsayos, conferencias, etc.
_929488
650 4 _aAbogados
_xEnsayos, conferencias, etc.
_929489
650 4 _aDiarios dominicanos
_xSecciones, columnas, etc.
_944
700 1 _aMora, Wilfredo,
_d1965-
_eed.
_912701
730 0 _aLa Oplinión (República Dominicana)
_929490
830 0 _aPensamiento criminológico dominicano
_v1
_pCuaderno de la cárcel
_929491
910 _aValidado. Control de calidad. EMS
999 _c12375
_d12375